00497nam a22001697a 4500003000400000020001500004082001900019100001500038245003200053250000800085260004300093300000800136650003100144942001200175999001900187952012100206OSt a8121918014 a338.04bKHA/EN aS S Khanka aEntrepreneurial Development a1st aNew DelhibS Chand & Company Ltdc1999 a405 aWorking Capital Management 2ddccBK c188736d188736 00102ddc4070aKAUCBVbKAUCBVd2015-03-10g0.00l4o338.04 KHA/ENr2019-01-22 00:00:00s2018-12-29w2015-03-10yBK